000 00557nam a2200169Ia 4500
008 090201s9999 xx 000 0 und d
010 _aKPL-21786
040 _bमराठी
041 _aमराठी
082 _a16202
_b21786
100 _aके. ना. वारवे
245 _aपंडित-कवि
_cके. ना. वारवे
260 _c2004
_bदि टिचर्स आयडियल पब्लिशिंग हाऊस
300 _a113
_bमोठा
600 _aपंडित-कवि
942 _cBOOK
999 _c216256
_d216256